000 00559nam a2200157 4500
001 107120
003 ES-MaACL
007 t|
008 061121s1919 sp r ||||1| spa d
100 1 _aMorgan, Jacques de.
_983521
245 1 0 _aHistoire du peuple arménien depuis les temps les plus reculés de ses annales jusqu'a nos jours /
_cJacques de Morgan; preface par Gustave Schlumberger.
260 _aParís :
_bBerger-Levrault,
_c1919.
300 _aXVIII, 410 p. :
_bil. ;
_c23 cm.
700 1 _aSchlumberger, Gustave.
_9104437
852 _aES-MaACL
_jG-4936
999 _c107120
_d107120